<?xml version="1.0" encoding="UTF-8"?>
<marc:record xmlns:marc="http://www.loc.gov/MARC21/slim">
   <marc:leader>00000nam a2200000 a 4500</marc:leader>
   <marc:datafield ind1="1" ind2=" " tag="100">
      <marc:subfield code="a">Hadbawnik, Iris</marc:subfield>
      <marc:subfield code="4">aut</marc:subfield>
      <marc:subfield code="e">Verfasser/-in</marc:subfield>
   </marc:datafield>
   <marc:datafield ind1=" " ind2=" " tag="653">
      <marc:subfield code="a">Besteigung</marc:subfield>
   </marc:datafield>
   <marc:datafield ind1=" " ind2=" " tag="653">
      <marc:subfield code="a">Mount Everest</marc:subfield>
   </marc:datafield>
   <marc:datafield ind1=" " ind2=" " tag="653">
      <marc:subfield code="a">Bergsteigen</marc:subfield>
   </marc:datafield>
   <marc:datafield ind1=" " ind2=" " tag="653">
      <marc:subfield code="a">Himalaya</marc:subfield>
   </marc:datafield>
   <marc:datafield ind1=" " ind2=" " tag="653">
      <marc:subfield code="a">Softcover / Ratgeber/Sport/Sonstige Sportarten</marc:subfield>
   </marc:datafield>
   <marc:datafield ind1="0" ind2="0" tag="245">
      <marc:subfield code="a">Mythos Mount Everest</marc:subfield>
   </marc:datafield>
   <marc:datafield ind1="0" ind2="0" tag="245">
      <marc:subfield code="b">ein Berg wird erobert</marc:subfield>
   </marc:datafield>
   <marc:datafield ind1="0" ind2="0" tag="245">
      <marc:subfield code="c">Iris Hadbawnik</marc:subfield>
   </marc:datafield>
   <marc:datafield ind1=" " ind2="1" tag="264">
      <marc:subfield code="a">Göttingen</marc:subfield>
      <marc:subfield code="b">Verl. Die Werkstatt</marc:subfield>
      <marc:subfield code="c">2013</marc:subfield>
   </marc:datafield>
   <marc:datafield ind1="1" ind2=" " tag="520">
      <marc:subfield code="a">Angaben aus der Verlagsmeldung

Mythos Mount Everest : Ein Berg wird erobert / von Iris Hadbawnik

Am 29. Mai 2013 jährt sich die Erstbesteigung des Mount Everest zum 60. Mal. Grund genug, die Faszination dieses Berges zu ergründen. Autorin Iris Hadbawnik wirft nicht nur einen Blick auf die spannende Besteigungsgeschichte des Berges. Kritisch setzt sie sich auch mit den aktuellen Besucherströmen im Himalaya auseinander und fragt, wieso es auch heute noch zu zahlreichen Todesfällen am Mount Everest kommt.Vor allem aber traf Hadbawnik Menschen, die ihre ganz persönlichen Motive – z.B. eine überstandene Krebserkrankung – für ihre Besteigung schildern, und sie berichtet von außergewöhnlichen Rekorden und Kuriositäten: von den Ältesten und Jüngsten auf dem Gipfel oder von Blinden und Beinamputierten, die die Besteigung meisterten. Darüber hinaus zeigt sie, dass der Mount Everest nicht nur für Bergsteiger ein Tummelplatz ist: Hier versuchen sich auch Ultraläufer, Radfahrer, Schwimmer im Eissee oder Apnoetaucher im Gokyo-See.
</marc:subfield>
   </marc:datafield>
   <marc:datafield ind1=" " ind2=" " tag="020">
      <marc:subfield code="a">9783730700075</marc:subfield>
      <marc:subfield code="9">9783730700075</marc:subfield>
   </marc:datafield>
   <marc:datafield ind1=" " ind2=" " tag="041">
      <marc:subfield code="a">ger</marc:subfield>
   </marc:datafield>
   <marc:datafield ind1=" " ind2=" " tag="300">
      <marc:subfield code="a">222 S.</marc:subfield>
   </marc:datafield>
</marc:record>
